[Event "North American-ch U20 Girls"]
[Site "Dulles"]
[Date "2023.12.22"]
[Round "7"]
[White "Tang, Zoey"]
[Black "Liu, Angela"]
[Result "1-0"]
[WhiteElo "2284"]
[BlackElo "1895"]
[PlyCount "77"]
[EventDate "2023.12.19"]
[EventType "swiss"]
[EventRounds "9"]
[EventCountry "USA"]
[SourceTitle "CB52_2023"]
[SourceDate "2023.12.27"]
[SourceVersion "1"]
[SourceVersionDate "2023.12.27"]
[SourceQuality "1"]

1. d4 Nf6 2. c4 e6 3. Nf3 d5 4. Nc3 Bb4 5. Qa4+ Nc6 6. e3 0-0 7. Bd2 dxc4 8. Bxc4 Bd6 9. Rd1 e5 10. dxe5 Nxe5 11. Nxe5 Bxe5 12. f4 Bxc3 13. Bxc3 Qe7 14. 0-0 Bd7 15. Qc2 Bc6 16. Bd4 Be4 17. Qc3 Rfd8 18. b4 h5 19. h3 b6 20. b5 Rac8 21. Qe1 c6 22. bxc6 Rxc6 23. Bb3 Nd5 24. f5 Qg5 25. Qf2 Nf6 26. h4 Qh6 27. Qg3 Rdc8 28. Qg5 Ng4 29. Qe7 Bxg2 30. Kxg2 Rc2+ 31. Bxc2 Rxc2+ 32. Kg1 Qc6 33. e4 Qa4 34. Qd8+ Kh7 35. Qg5 Rg2+ 36. Kxg2 Qc2+ 37. Rd2 Qxe4+ 38. Rf3 Qe1 39. Qxg7# 1-0

[Event "North American-ch U20 Girls"]
[Site "Dulles"]
[Date "2023.12.21"]
[Round "6"]
[White "Mou, Iris Zhaoying"]
[Black "Liu, Angela"]
[Result "1/2-1/2"]
[WhiteElo "2106"]
[BlackElo "1895"]
[PlyCount "69"]
[EventDate "2023.12.19"]
[EventType "swiss"]
[EventRounds "9"]
[EventCountry "USA"]
[SourceTitle "CB52_2023"]
[SourceDate "2023.12.27"]
[SourceVersion "1"]
[SourceVersionDate "2023.12.27"]
[SourceQuality "1"]

1. e4 c5 2. Nf3 e6 3. c3 Nf6 4. e5 Nd5 5. d4 cxd4 6. cxd4 b6 7. Bd2 Qc7 8. Nc3 Nxc3 9. Bxc3 Be7 10. Bd3 Ba6 11. h4 Qb7 12. Rh3 Nc6 13. a3 Bxd3 14. Qxd3 d6 15. exd6 Bxd6 16. d5 exd5 17. Bxg7 Rg8 18. Bf6 Rg6 19. Bg5 h6 20. Bd2 0-0-0 21. 0-0-0 Kb8 22. h5 Rxg2 23. Kb1 Bf8 24. Bf4+ Bd6 25. Bxh6 Qd7 26. Rhh1 Rxf2 27. Bg5 Ne5 28. Qxd5 Qf5+ 29. Ka1 Rd7 30. h6 Bxa3 31. Qxe5+ Qxe5 32. Nxe5 Bxb2+ 33. Kb1 Rd6 34. Rd3 Rxd3 35. Rd1 1/2-1/2